NBA Logos Without Red or Blue - Statistics

General Stats
  • This quiz has been taken 22,889 times
  • The average score is 6 of 8
Answer Stats
Logo Team % Correct
Los Angeles Lakers
84%
Brooklyn Nets
82%
Boston Celtics
81%
San Antonio Spurs
69%
Milwaukee Bucks
67%
Sacramento Kings
59%
Phoenix Suns
57%
Utah Jazz
57%
No matching quizzes found
Score Distribution
Percent of People with Each Score
Percentile by Number Answered
Your Score History
You have not taken this quiz